|
|
|
|
| LEADER |
00000nam a2200000 a 4500 |
| 001 |
vtls001075185 |
| 003 |
SK-MaSNL |
| 005 |
20260301232905.0 |
| 008 |
251031s1994 xo 0 slo |
| 015 |
|
|
|a SNBA1994/06
|
| 020 |
|
|
|a 8071620599
|
| 035 |
|
|
|a SNK000018017
|
| 040 |
|
|
|a SNK
|b slo
|c SNK
|e AACR2
|
| 041 |
0 |
|
|a slo
|
| 044 |
|
|
|a xo
|c SK
|
| 080 |
|
|
|a 242
|2 1981
|
| 080 |
|
|
|a 244
|2 1981
|
| 100 |
1 |
|
|a Escrivá de Balaguer, Josemaría,
|c svätý,
|d 1902-1975
|4 aut
|9 238343
|
| 240 |
1 |
0 |
|a Camino
|l Slovensky
|
| 245 |
1 |
0 |
|a Cesta
|c Josemaría Escrivá ; Prel. Terézia Szalayová ; Obál. navrhla Barbara Neumannová
|
| 260 |
|
|
|a Trnava
|b Spolok sv. Vojtecha
|c 1994
|e Bratislava
|f Svornosť
|
| 300 |
|
|
|a 275 s.
|b Reg., zoz. citácií
|c 15 cm
|
| 700 |
1 |
|
|a Szalayová, Terézia
|4 trl
|9 37192
|
| 700 |
1 |
|
|a Neumannová, Barbara
|c (výtvarníčka)
|4 nob
|9 11014
|
| 852 |
|
|
|a Slovenská národná knižnica
|
| 919 |
|
|
|a 80-7162-059-9
|
| 954 |
|
|
|a meditácie
|a citáty biblické
|
| 958 |
|
|
|a APR
|
| 958 |
|
|
|a TL
|
| 958 |
|
|
|a OP
|
| 958 |
|
|
|a NS
|
| 968 |
|
|
|b ESP
|d Zo špan. orig.
|
| 999 |
|
|
|c 963413
|d 965343
|
| 952 |
|
|
|t P60, <04>, [BOOK], {604}
|a SNK
|b SNK
|y VYP
|7 0
|p 17A0346340
|o snkSD 66279 D1
|i snkKSP 4682/94
|0 0
|1 0
|4 0
|d 2002-06-19
|l 0
|r 2004-12-31 00:00:00
|w 2026-02-24
|
| 952 |
|
|
|a SNK
|b SNK
|y PREZ
|7 0
|p 17A1020994
|o snkSD 66279
|0 0
|1 0
|4 0
|d 2013-07-17
|l 0
|r 2026-02-24 10:27:08
|w 2026-02-24
|